[Event "Mecklenburg VP LL2 Ost 2122"]
[Site "Mecklenburg VP"]
[Date "2022.05.01"]
[Round "9.3"]
[White "Maertin, Heinz"]
[Black "Johlke, Lorenz"]
[Result "0-1"]
[WhiteElo "1852"]
[BlackElo "1673"]
[PlyCount "82"]
[EventDate "2021.10.24"]
[EventType "team-tourn"]
[EventRounds "9"]
[EventCountry "GER"]
[SourceTitle "EXT 2024"]
[Source "ChessBase"]
[SourceDate "2023.10.10"]
[SourceVersion "1"]
[SourceVersionDate "2023.10.10"]
[SourceQuality "1"]
[WhiteTeam "Rostock Uni"]
[BlackTeam "Stralsund HSG II"]
[WhiteTeamCountry "GER"]
[BlackTeamCountry "GER"]

1. e4 e6 2. Qe2 d6 3. Nf3 Be7 4. g3 b6 5. Bg2 Bb7 6. 0-0 h5 7. h4 Nd7 8. d4 Ngf6 9. Nc3 g6 10. Rd1 0-0 11. e5 Ne8 12. Bh6 Ng7 13. d5 Re8 14. dxe6 Nxe6 15. Ng5 Bxg2 16. Nxe6 fxe6 17. exd6 Bxd6 18. Kxg2 Qe7 19. Bg5 Qf8 20. Ne4 Kg7 21. Nxd6 cxd6 22. Rxd6 Qxd6 23. Rd1 Qc6+ 24. f3 Rac8 25. c3 e5 26. Qe3 Nf6 27. Bh6+ Kh7 28. Bg5 Rc7 29. Qe2 Kg7 30. Qe3 Rd7 31. Re1 Qe6 32. b3 Nd5 33. Qc1 Rc8 34. c4 Nb4 35. Qc3 Nc6 36. f4 Kh7 37. fxe5 Rf8 38. Bf6 Rdf7 39. b4 Nxe5 40. Bxe5 Rf2+ 41. Kg1 Qh3 0-1

[Event "Mecklenburg VP LL2 West 1819"]
[Site "Mecklenburg VP"]
[Date "2019.04.07"]
[Round "9.4"]
[White "Maertin, Heinz"]
[Black "Hertel Mach, Frank"]
[Result "0-1"]
[WhiteElo "1852"]
[BlackElo "1898"]
[PlyCount "68"]
[EventDate "2018.10.21"]
[EventType "team-tourn"]
[EventRounds "9"]
[EventCountry "GER"]
[SourceTitle "EXT 2022"]
[Source "ChessBase"]
[SourceDate "2021.10.06"]
[SourceVersion "1"]
[SourceVersionDate "2021.10.06"]
[SourceQuality "1"]
[WhiteTeam "Rostock SSC 07 II"]
[BlackTeam "Waren Malchow"]
[WhiteTeamCountry "GER"]
[BlackTeamCountry "GER"]

1. e4 c5 2. Nf3 Nc6 3. d4 cxd4 4. Nxd4 e5 5. Nb5 d6 6. c4 a6 7. N5a3 Qh4 8. Nc3 Nf6 9. g3 Qg4 10. Be3 Be7 11. Bg2 0-0 12. Nc2 Qxd1+ 13. Rxd1 Be6 14. b3 b5 15. c5 dxc5 16. Nd5 Rac8 17. Nxe7+ Nxe7 18. Rd6 a5 19. 0-0 c4 20. b4 axb4 21. Nxb4 c3 22. Rb6 h6 23. Rc1 Rc4 24. Rxb5 Rfc8 25. Nd5 Nc6 26. Nxf6+ gxf6 27. Bxh6 Nd4 28. Bf1 Nxb5 29. Bxc4 Rxc4 30. f3 Nd4 31. Kf2 Ra4 32. Rxc3 Rxa2+ 33. Kf1 Rxh2 34. f4 Rxh6 0-1

[Event "Mecklenburg VP VL 1718"]
[Site "Mecklenburg VP"]
[Date "2018.04.22"]
[Round "9.6"]
[White "Maertin, Heinz"]
[Black "Schwetlick, Thomas"]
[Result "1/2-1/2"]
[WhiteElo "1740"]
[BlackElo "1815"]
[PlyCount "47"]
[EventDate "2017.10.08"]
[EventType "team-tourn"]
[EventRounds "9"]
[EventCountry "GER"]
[SourceTitle "EXT 2022"]
[Source "ChessBase"]
[SourceDate "2021.10.06"]
[SourceVersion "1"]
[SourceVersionDate "2021.10.06"]
[SourceQuality "1"]
[WhiteTeam "Rostock SSC 07"]
[BlackTeam "Rostock HSG Uni"]
[WhiteTeamCountry "GER"]
[BlackTeamCountry "GER"]

1. e4 e5 2. Bc4 Nf6 3. d3 Be7 4. Nf3 Nc6 5. Nc3 d6 6. h3 a6 7. Bb3 0-0 8. 0-0 Na5 9. Qe2 c5 10. Nh2 Nxb3 11. axb3 Be6 12. f4 exf4 13. Bxf4 Nd7 14. Nf3 Re8 15. Qd2 f6 16. d4 Nf8 17. Kh1 g5 18. Bh2 Ng6 19. Rad1 b5 20. dxc5 dxc5 21. Qe3 Qc8 22. Nd5 Bd8 23. Qd3 Ra7 24. Rfe1 1/2-1/2

[Event "Rostock SSC op 16th"]
[Site "Rostock"]
[Date "2017.07.28"]
[Round "4"]
[White "Maertin, Heinz"]
[Black "Garner, Isaac"]
[Result "1-0"]
[WhiteElo "1868"]
[BlackElo "1637"]
[PlyCount "63"]
[EventDate "2017.07.26"]
[EventType "swiss"]
[EventRounds "7"]
[EventCountry "GER"]
[SourceTitle "EXT 2018"]
[Source "ChessBase"]
[SourceDate "2017.10.13"]
[SourceVersion "1"]
[SourceVersionDate "2017.10.13"]
[SourceQuality "1"]

1. e4 c5 2. Nf3 d6 3. d4 cxd4 4. Nxd4 Nf6 5. Nc3 a6 6. Bc4 e6 7. Bb3 Be7 8. 0-0 0-0 9. f4 Nbd7 10. Qf3 Nc5 11. Be3 Qc7 12. Nce2 Rb8 13. g4 b5 14. g5 Nfd7 15. a3 Nxb3 16. Nxb3 Bb7 17. Rac1 Qd8 18. Rfd1 f5 19. gxf6 Nxf6 20. Qh3 Qd7 21. Ng3 e5 22. Qxd7 Nxd7 23. Nf5 Bf6 24. fxe5 Bxe5 25. Nxd6 Nf6 26. Nxb7 Rxb7 27. Bd4 Bxd4+ 28. Rxd4 Rbf7 29. e5 Nh5 30. e6 Re7 31. Rd6 Ra8 32. Nc5 1-0

[Event "Mecklenburg VP LL 1617"]
[Site "Mecklenburg VP"]
[Date "2017.04.02"]
[Round "8.5"]
[White "Maertin, Heinz"]
[Black "Bress, Aaron"]
[Result "1-0"]
[WhiteElo "1742"]
[BlackElo "1670"]
[PlyCount "65"]
[EventDate "2016.10.16"]
[EventType "team-tourn"]
[EventRounds "9"]
[EventCountry "GER"]
[SourceTitle "EXT 2022"]
[Source "ChessBase"]
[SourceDate "2021.10.06"]
[SourceVersion "1"]
[SourceVersionDate "2021.10.06"]
[SourceQuality "1"]
[WhiteTeam "Rostock SSC 07 II"]
[BlackTeam "Torgelow Droegeheide"]
[WhiteTeamCountry "GER"]
[BlackTeamCountry "GER"]

1. e4 c5 2. Nf3 e6 3. d4 cxd4 4. Nxd4 Nf6 5. Bd3 Nc6 6. Be3 Be7 7. 0-0 0-0 8. c4 b6 9. Nc3 Bb7 10. Rc1 d6 11. f4 Rc8 12. f5 Nxd4 13. Bxd4 exf5 14. Rxf5 Qd7 15. Qf3 Qe6 16. Nd5 Nxd5 17. exd5 Qd7 18. Qh5 h6 19. Rcf1 f6 20. R5f4 Qe8 21. Qf5 g6 22. Qe6+ Qf7 23. Bxf6 Qxe6 24. dxe6 Bxf6 25. Rxf6 Rce8 26. Rxg6+ Kh8 27. Rxh6+ Kg8 28. Rg6+ Kh8 29. Rgf6 Rxf6 30. Rxf6 Rg8 31. Rh6+ Kg7 32. Rh7+ Kf6 33. Rxb7 1-0

[Event "Mecklenburg VP LL 1617"]
[Site "Mecklenburg VP"]
[Date "2016.10.16"]
[Round "1.6"]
[White "Kohn, Thomas2222"]
[Black "Maertin, Heinz"]
[Result "1/2-1/2"]
[WhiteElo "1857"]
[BlackElo "1742"]
[PlyCount "36"]
[EventDate "2016.10.16"]
[EventType "team-tourn"]
[EventRounds "9"]
[EventCountry "GER"]
[SourceTitle "EXT 2022"]
[Source "ChessBase"]
[SourceDate "2021.10.06"]
[SourceVersion "1"]
[SourceVersionDate "2021.10.06"]
[SourceQuality "1"]
[WhiteTeam "Stralsund FHSG"]
[BlackTeam "Rostock SSC 07 II"]
[WhiteTeamCountry "GER"]
[BlackTeamCountry "GER"]

1. Nf3 c5 2. e4 d6 3. d4 cxd4 4. Nxd4 Nf6 5. Nc3 a6 6. Be3 e6 7. f3 Qc7 8. Qd2 Nbd7 9. g4 Ne5 10. h4 Be7 11. h5 h6 12. 0-0-0 Bd7 13. Be2 Nc4 14. Bxc4 Qxc4 15. g5 hxg5 16. h6 Rxh6 17. Bxg5 Rxh1 18. Rxh1 0-0-0 1/2-1/2

[Event "Mecklenburg VP LL2 Ost 1516"]
[Site "Mecklenburg VP"]
[Date "2016.03.13"]
[Round "7.2"]
[White "Maertin, Heinz"]
[Black "Hartung, Lothar"]
[Result "1/2-1/2"]
[WhiteElo "1732"]
[BlackElo "1741"]
[PlyCount "43"]
[EventDate "2015.09.20"]
[EventType "team-tourn"]
[EventRounds "9"]
[EventCountry "GER"]
[SourceTitle "EXT 2022"]
[Source "ChessBase"]
[SourceDate "2021.10.06"]
[SourceVersion "1"]
[SourceVersionDate "2021.10.06"]
[SourceQuality "1"]
[WhiteTeam "Rostock SSC 07 III"]
[BlackTeam "Neubrandenburg SG Eintracht II"]
[WhiteTeamCountry "GER"]
[BlackTeamCountry "GER"]

1. e4 c5 2. Nf3 e6 3. d4 cxd4 4. Nxd4 a6 5. Bd3 Qc7 6. 0-0 Nc6 7. Be3 Nb4 8. c4 Nxd3 9. Qxd3 Bc5 10. Nc3 Bxd4 11. Bxd4 f6 12. f4 Ne7 13. Rac1 0-0 14. b3 d6 15. Qe2 Nc6 16. Be3 Nd8 17. Rfd1 Nf7 18. Qf2 Bd7 19. c5 dxc5 20. Bxc5 Rfc8 21. Be3 Qd8 22. Bb6 1/2-1/2

[Event "Mecklenburg VP LL2 Ost 1516"]
[Site "Mecklenburg VP"]
[Date "2016.01.17"]
[Round "5.2"]
[White "Van Bentum, Horst"]
[Black "Maertin, Heinz"]
[Result "1/2-1/2"]
[WhiteElo "1925"]
[BlackElo "1732"]
[PlyCount "30"]
[EventDate "2015.09.20"]
[EventType "team-tourn"]
[EventRounds "9"]
[EventCountry "GER"]
[SourceTitle "EXT 2022"]
[Source "ChessBase"]
[SourceDate "2021.10.06"]
[SourceVersion "1"]
[SourceVersionDate "2021.10.06"]
[SourceQuality "1"]
[WhiteTeam "Graal Mueritz"]
[BlackTeam "Rostock SSC 07 III"]
[WhiteTeamCountry "GER"]
[BlackTeamCountry "GER"]

1. e4 c5 2. Nf3 a6 3. b3 d6 4. Bb2 e6 5. Be2 Nf6 6. d3 Be7 7. Nbd2 Nbd7 8. 0-0 0-0 9. a4 b6 10. Nc4 Bb7 11. e5 dxe5 12. Nfxe5 b5 13. Nxd7 Nxd7 14. Ne3 Bf6 15. d4 bxa4 1/2-1/2

[Event "Rostock SSC op 13th"]
[Site "Rostock"]
[Date "2014.07.23"]
[Round "2"]
[White "Maertin, Heinz"]
[Black "Leisner, Hannes"]
[Result "0-1"]
[WhiteElo "1925"]
[BlackElo "2234"]
[PlyCount "110"]
[EventDate "2014.07.23"]
[EventType "swiss"]
[EventRounds "7"]
[EventCountry "GER"]
[SourceTitle "EXT 2018"]
[Source "ChessBase"]
[SourceDate "2017.10.13"]
[SourceVersion "1"]
[SourceVersionDate "2017.10.13"]
[SourceQuality "1"]

1. e4 c5 2. Nf3 e6 3. d4 cxd4 4. Nxd4 Nf6 5. Bd3 Nc6 6. Nxc6 bxc6 7. c4 e5 8. 0-0 d6 9. Nc3 Be7 10. h3 0-0 11. Be3 Be6 12. Qe2 Qa5 13. Rac1 Nd7 14. b3 Nc5 15. Bb1 Qb4 16. f4 exf4 17. Bxf4 Nd7 18. Qh5 Ne5 19. Qe2 Bf6 20. Qd2 a5 21. Bg5 Bxg5 22. Qxg5 Qc5+ 23. Kh1 f6 24. Qd2 Rfd8 25. Rcd1 Bf7 26. Qd4 Qxd4 27. Rxd4 Kf8 28. Rfd1 Ke7 29. Bc2 Bh5 30. Re1 Bf7 31. Red1 Be6 32. Kg1 g5 33. Rf1 h5 34. Ne2 a4 35. Ng3 axb3 36. axb3 h4 37. Nf5+ Bxf5 38. Rxf5 Ra1+ 39. Rf1 Rda8 40. Rfd1 Rxd1+ 41. Rxd1 Ra2 42. Rc1 c5 43. Bd1 Nc6 44. Rc2 Ra1 45. Rd2 Rb1 46. Kf2 Nd4 47. Rd3 Rb2+ 48. Kf1 Ke6 49. Bg4+ Ke5 50. Bf5 Rxb3 51. Rd2 Rc3 52. Rb2 Rc1+ 53. Kf2 Rc2+ 54. Rxc2 Nxc2 55. Kf3 Nd4+ 0-1

[Event "Mecklenburg VP LL2 West 1314"]
[Site "Mecklenburg VP"]
[Date "2013.11.24"]
[Round "3.6"]
[White "Mitscherling, Reinhard"]
[Black "Maertin, Heinz"]
[Result "1/2-1/2"]
[WhiteElo "1837"]
[BlackElo "1768"]
[PlyCount "29"]
[EventDate "2013.10.27"]
[EventType "team-tourn"]
[EventRounds "9"]
[EventCountry "GER"]
[SourceTitle "EXT 2022"]
[Source "ChessBase"]
[SourceDate "2021.10.06"]
[SourceVersion "1"]
[SourceVersionDate "2021.10.06"]
[SourceQuality "1"]
[WhiteTeam "Ludwigslust Post SV"]
[BlackTeam "Rostock SSC 07 III"]
[WhiteTeamCountry "GER"]
[BlackTeamCountry "GER"]

1. d4 Nf6 2. Nf3 d6 3. c4 Nbd7 4. Nc3 e5 5. dxe5 dxe5 6. Bg5 Be7 7. e3 0-0 8. Be2 c6 9. 0-0 Qc7 10. h3 Rd8 11. Qc2 Nf8 12. Rad1 Be6 13. Rxd8 Rxd8 14. Rd1 Rxd1+ 15. Qxd1 1/2-1/2

[Event "Mecklenburg VP LL2 West 1213"]
[Site "Mecklenburg VP"]
[Date "2013.04.14"]
[Round "8.5"]
[White "Altenburg, Reiner"]
[Black "Maertin, Heinz"]
[Result "0-1"]
[WhiteElo "1759"]
[BlackElo "1757"]
[PlyCount "66"]
[EventDate "2012.10.14"]
[EventType "team-tourn"]
[EventRounds "9"]
[EventCountry "GER"]
[SourceTitle "EXT 2022"]
[Source "ChessBase"]
[SourceDate "2021.10.06"]
[SourceVersion "1"]
[SourceVersionDate "2021.10.06"]
[SourceQuality "1"]
[WhiteTeam "Ludwigslust Post SV"]
[BlackTeam "Rostock SSC 07 III"]
[WhiteTeamCountry "GER"]
[BlackTeamCountry "GER"]

1. c4 c5 2. Nc3 Nf6 3. g3 d5 4. Bg2 d4 5. Ne4 Nxe4 6. Bxe4 Nc6 7. d3 e6 8. Bg2 Bd6 9. e4 e5 10. a3 0-0 11. Ne2 f5 12. f4 fxe4 13. Bxe4 Bg4 14. h3 Bh5 15. g4 Qh4+ 16. Kd2 exf4 17. gxh5 f3 18. Qe1 Qxh5 19. Bxc6 bxc6 20. Ng1 f2 21. Qe6+ Qf7 22. Qxf7+ Rxf7 23. Nf3 Rxf3 24. Ke2 Raf8 25. Bd2 Bh2 26. b4 Bg1 27. Rf1 Rg3 28. b5 cxb5 29. cxb5 Re8+ 30. Kd1 Rxd3 31. a4 c4 32. Kc2 Re2 33. Rd1 Rdxd2+ 0-1

[Event "Mecklenburg VP LL2 West 1213"]
[Site "Mecklenburg VP"]
[Date "2012.12.09"]
[Round "4.5"]
[White "Oelke, Bernd"]
[Black "Maertin, Heinz"]
[Result "1/2-1/2"]
[WhiteElo "1785"]
[BlackElo "1757"]
[PlyCount "30"]
[EventDate "2012.10.14"]
[EventType "team-tourn"]
[EventRounds "9"]
[EventCountry "GER"]
[SourceTitle "EXT 2022"]
[Source "ChessBase"]
[SourceDate "2021.10.06"]
[SourceVersion "1"]
[SourceVersionDate "2021.10.06"]
[SourceQuality "1"]
[WhiteTeam "Putlitzer SV 1921"]
[BlackTeam "Rostock SSC 07 III"]
[WhiteTeamCountry "GER"]
[BlackTeamCountry "GER"]

1. e4 e5 2. Nf3 Nc6 3. d4 exd4 4. Nxd4 Bc5 5. Be3 Qf6 6. c3 Bb6 7. Na3 Nge7 8. Nac2 a6 9. Be2 d6 10. Qd2 Bd7 11. 0-0-0 Nxd4 12. Nxd4 Nc6 13. f3 Nxd4 14. Bxd4 Bxd4 15. Qxd4 Qxd4 1/2-1/2

[Event "Mecklenburg VP LL2 West 1213"]
[Site "Mecklenburg VP"]
[Date "2012.10.14"]
[Round "1.5"]
[White "Maertin, Heinz"]
[Black "Stadler, Bertino"]
[Result "1-0"]
[WhiteElo "1757"]
[BlackElo "1680"]
[PlyCount "53"]
[EventDate "2012.10.14"]
[EventType "team-tourn"]
[EventRounds "9"]
[EventCountry "GER"]
[SourceTitle "EXT 2022"]
[Source "ChessBase"]
[SourceDate "2021.10.06"]
[SourceVersion "1"]
[SourceVersionDate "2021.10.06"]
[SourceQuality "1"]
[WhiteTeam "Rostock SSC 07 III"]
[BlackTeam "Kuehlungsborn SV Empor"]
[WhiteTeamCountry "GER"]
[BlackTeamCountry "GER"]

1. e4 c5 2. Nf3 Nc6 3. d4 cxd4 4. Nxd4 e6 5. Be3 a6 6. Nc3 Bb4 7. Nxc6 bxc6 8. Qd4 Bxc3+ 9. Qxc3 f6 10. Be2 Qc7 11. Rd1 Ne7 12. Bc5 d5 13. Bxe7 Kxe7 14. exd5 exd5 15. Rxd5 Qb6 16. Rc5 Bb7 17. 0-0 Rhd8 18. Bg4 Rd6 19. Re1+ Kf8 20. b4 Rad8 21. a3 Qc7 22. Rh5 g6 23. Rh3 Re8 24. Rxe8+ Kxe8 25. Qe3+ Kd8 26. Qc5 Bc8 27. Rd3 1-0

[Event "Mecklenburg VP LL 0910"]
[Site "Mecklenburg VP"]
[Date "2010.04.11"]
[Round "9.6"]
[White "Maertin, Heinz"]
[Black "Kunow, Frank"]
[Result "0-1"]
[WhiteElo "1850"]
[BlackElo "1890"]
[PlyCount "114"]
[EventDate "2009.10.18"]
[EventType "team-tourn"]
[EventRounds "9"]
[EventCountry "GER"]
[SourceTitle "EXT 2016"]
[Source "ChessBase"]
[SourceDate "2015.10.08"]
[SourceVersion "1"]
[SourceVersionDate "2015.10.08"]
[SourceQuality "1"]
[WhiteTeam "Rostock SSC 07 II"]
[BlackTeam "Neubrandenburg SG Eintracht"]
[WhiteTeamCountry "GER"]
[BlackTeamCountry "GER"]

1. e4 d5 2. exd5 Nf6 3. Nc3 Nxd5 4. Bc4 Nb6 5. Bb3 Nc6 6. Nf3 Bf5 7. d4 e6 8. h3 Na5 9. Qe2 Nxb3 10. axb3 c6 11. 0-0 Be7 12. Rd1 Qc7 13. Ne5 Bd6 14. Ne4 Bxe5 15. dxe5 Bxe4 16. Qxe4 0-0 17. Bg5 Nd5 18. c4 Ne7 19. Bxe7 Qxe7 20. Rd6 f5 21. Qe2 c5 22. Rad1 Rfd8 23. Qd3 Rxd6 24. Qxd6 Kf7 25. Qd7 a6 26. Rd6 Re8 27. Kf1 Qxd7 28. Rxd7+ Re7 29. Rd6 f4 30. g3 fxg3 31. fxg3 Kg6 32. g4 Kg5 33. Rd8 Kf4 34. Rc8 Kxe5 35. Rxc5+ Kf4 36. Kf2 Rd7 37. Ke2 g6 38. Rc8 Kg3 39. Re8 Kxh3 40. g5 Kg4 41. Rxe6 Kxg5 42. c5 Kf5 43. Rb6 Rc7 44. b4 h5 45. Kf3 h4 46. Rd6 h3 47. Kg3 Rh7 48. Kh2 g5 49. c6 bxc6 50. Rxc6 g4 51. Rc5+ Kf4 52. Rc4+ Kg5 53. Rc5+ Kh4 54. Rc4 Rd7 55. Kg1 Rd2 56. b3 h2+ 57. Kh1 Kh3 0-1

[Event "Mecklenburg VP LL 0910"]
[Site "Mecklenburg VP"]
[Date "2009.11.29"]
[Round "3.7"]
[White "Daug, Joern Henning"]
[Black "Maertin, Heinz"]
[Result "1/2-1/2"]
[WhiteElo "1780"]
[BlackElo "1850"]
[PlyCount "44"]
[EventDate "2009.10.18"]
[EventType "team-tourn"]
[EventRounds "9"]
[EventCountry "GER"]
[SourceTitle "EXT 2016"]
[Source "ChessBase"]
[SourceDate "2015.10.08"]
[SourceVersion "1"]
[SourceVersionDate "2015.10.08"]
[SourceQuality "1"]
[WhiteTeam "Grevesmuehlen Blau Weiss"]
[BlackTeam "Rostock SSC 07 II"]
[WhiteTeamCountry "GER"]
[BlackTeamCountry "GER"]

1. d4 Nf6 2. c4 c5 3. d5 e5 4. Nc3 d6 5. e4 Be7 6. Bd3 0-0 7. Nge2 Ne8 8. Ng3 g6 9. Bh6 Ng7 10. Qe2 Na6 11. a3 Nc7 12. 0-0 Bg5 13. Bxg5 Qxg5 14. Qe3 Qe7 15. f4 f5 16. exf5 gxf5 17. fxe5 dxe5 18. Rae1 e4 19. Bc2 b6 20. Nge2 Nce8 21. Nf4 Nd6 22. b3 Bd7 1/2-1/2